LA RELIGIEUSE / (Record no. 22312)
[ view plain ]
| 000 -الفاتح | |
|---|---|
| حقل البيانات ثابتة الطول | 00441nam a2200181Ia 4500 |
| 008 - عناصر البيانات ثابتة الطول - معلومات عامة | |
| حقل البيانات ثابتة الطول | 140319s9999 xx 000 0 eng d |
| 040 ## - مصدر الفهرسة | |
| وكالة الفهرسة الأصلية | GCL / |
| وكالة النسخ | GCL |
| 082 04 - رقم تصنيف ديوى العشرى | |
| رقم التصنيف | 843 |
| رقم المادة | D R |
| 100 1# - المدخل الرئيسى - إسم شخصى | |
| الإسم الشخصى | DIDEROT |
| 245 10 - بيان العنوان | |
| العنوان | LA RELIGIEUSE / |
| بيان المسئوليه,etc | DIDEROT |
| 260 ## - PUBLICATION, DISTRIBUTION, ETC. (IMPRINT) | |
| تاريخ النشر أو التوزيع | 1983 |
| 300 ## - الوصف المادى | |
| التعداد | 314 P |
| 490 ## - بيان السلسلة | |
| عنوان السلسلة | LE LIVRE DE POCHE |
| رقم المجلد/ التعيين التسلسلي | 0 |
| 650 04 - المدخل الاضافى بالموضوع-مصطلح موضوعى | |
| مصطلح موضوعي | LITERATURE |
| 650 04 - المدخل الاضافى بالموضوع-مصطلح موضوعى | |
| مصطلح موضوعي | FRENCH LITERATURE |
| 942 ## - عناصر المدخل الإضافي( كوها) | |
| مصدر التصنيف او مخطط الترفيف | Dewey Decimal Classification |
| Koha [default] item type | كتاب |
| 260 ## - PUBLICATION, DISTRIBUTION, ETC. (IMPRINT) | |
| -- | [S.N] : |
| -- | LE LIVRE DE POCHE ، |
| حالة التراجع | حالة الفقد | حالة تلف | ليس للاعارة | المكان المؤقت | الموقع الحالى | تاريخ الاكتساب | اجمالي اﻻعارات | رقم الطلب | الباركود | تاريخ اخر مشاهدة | تاريخ تفعيل السعر | نوع وعاء كوها |
|---|---|---|---|---|---|---|---|---|---|---|---|---|
| مكتبة القاهرة الكبرى | مكتبة القاهرة الكبرى | 03/26/2014 | 843\D R | 40573 | 03/26/2014 | 03/26/2014 | كتاب |

